MARC details
| 000 -LEADER |
| fixed length control field |
02116cam a2200529 4500 |
| 008 - FIXED-LENGTH DATA ELEMENTS--GENERAL INFORMATION |
| fixed length control field |
040406n2003 000 0 eng u |
| 020 ## - INTERNATIONAL STANDARD BOOK NUMBER |
| International Standard Book Number |
1861529635 |
| 035 ## - SYSTEM CONTROL NUMBER |
| System control number |
(Sirsi) u125760 |
| 041 ## - LANGUAGE CODE |
| Language code of text/sound track or separate title |
eng |
| 050 ## - LIBRARY OF CONGRESS CALL NUMBER |
| Classification number |
658 |
| -- |
22 |
| 100 ## - MAIN ENTRY--PERSONAL NAME |
| Personal name |
Sheldrake, John |
| 245 ## - TITLE STATEMENT |
| Title |
Management theory |
| 250 ## - EDITION STATEMENT |
| Edition statement |
2nd ed. |
| 260 ## - PUBLICATION, DISTRIBUTION, ETC. |
| Place of publication, distribution, etc. |
London |
| Name of publisher, distributor, etc. |
Thomson |
| Date of publication, distribution, etc. |
2003 |
| 300 ## - PHYSICAL DESCRIPTION |
| Extent |
xii, 257p. |
| Dimensions |
24cm. |
| 350 ## - PRICE (NR) (BK AM CF MU VM SE) [OBSOLETE] |
| Price |
22.99 |
| 505 ## - FORMATTED CONTENTS NOTE |
| Formatted contents note |
F. W. Taylor and scientific management |
| 505 ## - FORMATTED CONTENTS NOTE |
| Formatted contents note |
The Gilbreths and motion study |
| 505 ## - FORMATTED CONTENTS NOTE |
| Formatted contents note |
Henry Gantt and humanised scientific management |
| 505 ## - FORMATTED CONTENTS NOTE |
| Formatted contents note |
Henri Fayol and administration |
| 505 ## - FORMATTED CONTENTS NOTE |
| Formatted contents note |
Max Webster and bureaucracy |
| 505 ## - FORMATTED CONTENTS NOTE |
| Formatted contents note |
Carter Goodrich and the frontier of contol |
| 505 ## - FORMATTED CONTENTS NOTE |
| Formatted contents note |
Mary Parker Follet and dynamic management |
| 505 ## - FORMATTED CONTENTS NOTE |
| Formatted contents note |
Henry Ford and mass production |
| 505 ## - FORMATTED CONTENTS NOTE |
| Formatted contents note |
Lyndall F. Urwick and rationalisation |
| 505 ## - FORMATTED CONTENTS NOTE |
| Formatted contents note |
Elton Mayo and the Hawthorne experiments |
| 505 ## - FORMATTED CONTENTS NOTE |
| Formatted contents note |
Chester Barnard and the functions of the executive |
| 505 ## - FORMATTED CONTENTS NOTE |
| Formatted contents note |
Alfred Sloan and General Motors |
| 505 ## - FORMATTED CONTENTS NOTE |
| Formatted contents note |
Alfred Maslow and the hierarchy of needs |
| 505 ## - FORMATTED CONTENTS NOTE |
| Formatted contents note |
Peter Drucker and the practice of management |
| 505 ## - FORMATTED CONTENTS NOTE |
| Formatted contents note |
Frederick Herzberg and the motivation to work |
| 505 ## - FORMATTED CONTENTS NOTE |
| Formatted contents note |
Douglas McGergor and the human side of enterprise |
| 505 ## - FORMATTED CONTENTS NOTE |
| Formatted contents note |
Fritz Schumacher and small is beautiful |
| 505 ## - FORMATTED CONTENTS NOTE |
| Formatted contents note |
Harry Braverman and degradation of work |
| 505 ## - FORMATTED CONTENTS NOTE |
| Formatted contents note |
William Ouchi and Theory Z |
| 505 ## - FORMATTED CONTENTS NOTE |
| Formatted contents note |
Charles Handy and the future of work |
| 505 ## - FORMATTED CONTENTS NOTE |
| Formatted contents note |
Geert Hofstede and culture's consequences |
| 505 ## - FORMATTED CONTENTS NOTE |
| Formatted contents note |
Kenichi Ohmae and the mind of the strategist |
| 505 ## - FORMATTED CONTENTS NOTE |
| Formatted contents note |
Rosabeth Moss Kanter and the change masters |
| 520 ## - SUMMARY, ETC. |
| Summary, etc. |
This text brings together a broad range of literature and academic research to provide an account of the origins and development of management theory from the late eighteenth century to the present day. Bibliography. |
| 650 ## - SUBJECT ADDED ENTRY--TOPICAL TERM |
| Topical term or geographic name entry element |
MANAGEMENT THEORY |
| 650 ## - SUBJECT ADDED ENTRY--TOPICAL TERM |
| Topical term or geographic name entry element |
CHANGE MANAGEMENT |
| 650 ## - SUBJECT ADDED ENTRY--TOPICAL TERM |
| Topical term or geographic name entry element |
MANAGEMENT PRACTICES |
| 650 ## - SUBJECT ADDED ENTRY--TOPICAL TERM |
| Topical term or geographic name entry element |
MANAGEMENT STRATEGY |
| 690 ## - LOCAL SUBJECT ADDED ENTRY--TOPICAL TERM (OCLC, RLIN) |
| Topical term or geographic name as entry element |
MANAGEMENT-BUSINESS MANAGEMENT |
| 942 ## - ADDED ENTRY ELEMENTS (KOHA) |
| Suppress in OPAC |
0 |